Statistics for Country Names Created by Chemical Elements

Click here to take the quiz!

General Stats

  • This quiz has been taken 29 times
  • The average score is 3 of 6

Answer Stats

Answer % Correct
Peru
63%
Laos
63%
Benin
58%
Spain
50%
Kiribati
46%
Bahamas
29%

Score Distribution

Percentile by Number Answered

Percent of People with Each Score

Your Score History

You have not taken this quiz